| 000 | 00375nam a2200133Ia 4500 | ||
|---|---|---|---|
| 008 | 151213s9999 xx 000 0 und d | ||
| 100 | _aAdrian Daff & Christopher Jones | ||
| 245 |
_aDo - Intermediate Work Book _cAdrian Daff & Christopher Jones |
||
| 260 |
_aII _bII _cII |
||
| 300 | _a1911 p. | ||
| 650 | _aEnglish | ||
| 700 | _aAdrian Daff & Christopher Jones | ||
| 999 |
_c1414 _d1414 |
||